000 00422nam a2200133Ia 4500
003 GCL
008 140319s9999 xx 000 0 ara d
040 _aGCL /
_cGCL
082 0 4 _a811.008031
_bف ق
245 1 0 _aقضية الزمن فى الشعر العربى الشباب والمشيب
260 _a[S.N] :
_bدار المعارف ،
_c1980
300 _a146 ص
490 _aمكتبة الدراسات الادبية
_v0
999 _c28743
_d28743